Southville International School and Colleges
Your cart is empty.
  • Cart
  • Lists
    Public lists Eva Luna New books Lux_list list_1
    Your lists Log in to create your own lists
  • Log in to your account
  • Your cookies
  • Search history
Southville International School and Colleges
  • Advanced search
  • Recent comments
  • Most popular
  • Libraries

Log in to your account

Log in with GOOGLE


If you do not have an external account, but do have a local account, you can still log in:

  1. Home
  2. MARC view: A midsummer night's dream :
Normal view MARC view ISBD view

A midsummer night's dream : (Record no. 288081)

[ view plain ]
MARC details
000 -LEADER
fixed length control field 00560nam a2200169Ia 4500
008 - FIXED-LENGTH DATA ELEMENTS--GENERAL INFORMATION
fixed length control field 150610s9999 xx 000 0 und d
020 ## - INTERNATIONAL STANDARD BOOK NUMBER
International Standard Book Number 0 030957656
050 ## - LIBRARY OF CONGRESS CALL NUMBER
Classification number PR2827
Item number .A25 2000
100 ## - MAIN ENTRY--PERSONAL NAME
Personal name Shakespeare, William, 1564-1616
245 #2 - TITLE STATEMENT
Title A midsummer night's dream :
Remainder of title with connections /
Statement of responsibility, etc William Shakespeare.
260 ## - PUBLICATION, DISTRIBUTION, ETC. (IMPRINT)
Place of publication, distribution, etc New York :
Name of publisher, distributor, etc Holt, Rinehart, and Winston,
Date of publication, distribution, etc 2000?..
300 ## - PHYSICAL DESCRIPTION
Extent 126pages ;
Dimensions 22 cm.
520 ## - SUMMARY, ETC.
Summary, etc Drama.
650 ## - SUBJECT ADDED ENTRY--TOPICAL TERM
Topical term or geographic name as entry element Courtship
General subdivision Drama.
650 ## - SUBJECT ADDED ENTRY--TOPICAL TERM
Topical term or geographic name as entry element Athens (Greece)
Topical term following geographic name as entry element Drama.
650 ## - SUBJECT ADDED ENTRY--TOPICAL TERM
Topical term or geographic name as entry element Hippolyta (Greek mythology)
General subdivision Drama.
Holdings
Withdrawn status Lost status Damaged status Home library Current library Shelving location Date acquired Total Checkouts Full call number Barcode Date last seen Price effective from Koha item type
      Stonyhurst Southville International School (Batangas) Stonyhurst Southville International School (Batangas) High School Section 06/10/2015   PR2827.A25 2000 US-1535 06/10/2015 06/10/2015 Books

A midsummer night's dream :

APA

Shakespeare W. 1., . (2000). A midsummer night's dream. New York: Holt, Rinehart, and Winston.

Chicago

Shakespeare William 1564-1616, . 2000. A midsummer night's dream. New York: Holt, Rinehart, and Winston.

Harvard

Shakespeare W. 1., . (2000). A midsummer night's dream. New York: Holt, Rinehart, and Winston.

MLA

Shakespeare William 1564-1616, . A midsummer night's dream. New York: Holt, Rinehart, and Winston. 2000.

  • Place hold
  • Print
  • Cite
  • Add to your cart (remove)
  • Save record
    BIBTEX Dublin Core MARCXML MARC (non-Unicode/MARC-8) MARC (Unicode/UTF-8) MARC (Unicode/UTF-8, Standard) MODS (XML) RIS
  • More searches
    Search for this title in:
    Other Libraries (WorldCat) Other Databases (Google Scholar) Online Stores (Bookfinder.com) Open Library (openlibrary.org)

Exporting to Dublin Core...

SOUTHVILLE LIBRARY

Southville International School and Colleges Library

1281 Tropical Ave. Cor. Luxembourg St., BF Homes International, Las Pinas City

Tel. No. 8256374 / 252358 Loc. 117/146

Powered by Koha